000 01436nam a2200277Ia 4500
999 _c53861
_d53861
001 20912
003 GE_BSU
005 20221219122608.0
008 181216s2016||||ge |||||||||||||| ||geo||
020 _a9789941090592
040 _cGE_BSU
041 _ageo
080 _a159.9+37.01 კ–58
100 _aკლაპარედი, ედუარდ
_916478
245 _aბავშვის ფსიქოლოგია და ექსპერიმენტული პედაგოგიკა /
_cედუარდ კლაპარედი ; მთარგმნელები: ნინა თურმანიძე და ლაშა ბულია ; რედაქტორი თამაზ თურმანიძე.
264 _aთბილისი :
_bგეო,
_c2016.
300 _a176 გვ.;
_bნახ;
_c20 სმ.
653 _aპედაგოგიკა
653 _aფსიქოლოგია
653 _aპედაგოგიკური ფსიქოლოგია
653 _aექსპერიმენტული ფსიქოლოგია.
700 _aთურმანიძე, ნინა
_eმთარგმნელი
_916479
700 _aბულია, ლაშა
_eმთარგმნელი.
_911893
700 _aთურმანიძე, თამაზ
_eრედაქტორი
_911865
942 _cBK
_2udc